Все карты в Clash Royale - Statistics

General Stats
  • This quiz has been taken 52 times
  • The average score is 48 of 119
Answer Stats
Ответ % Correct
Гоблины
77%
Ледяной дух
74%
Гигант
72%
Рыцарь
72%
Скелеты
72%
Огненный дух
70%
Принц
70%
Мегарыцарь
64%
П.Е.К.К.А.
64%
Армия скелетов
64%
Мини-П.Е.К.К.А.
62%
Голем
60%
Гоблины-копейщики
60%
Огненный шар
60%
Бревно
60%
Лучницы
60%
Бандитка
57%
Молния
57%
Тёмный принц
55%
Банда гоблинов
55%
Всадник на кабане
55%
Стрелы
55%
Ракета
55%
Шар
53%
Гоблин-гигант
53%
Мушкетёр
53%
Ведьма
53%
Колдун
53%
Варвары
51%
Электрогигант
51%
Шахтёр
51%
Королевский гигант
51%
Гоблинская бочка
49%
Принцесса
47%
Спарки
47%
Три мушкетёра
47%
Валькирия
47%
Тесла
47%
Арбалет
47%
Заморозка
47%
Кладбище
47%
Дракончик
45%
Элитные варвары
45%
Ледяной колдун
45%
Миньоны
45%
Мортира
45%
Подрывник
43%
Дух исцеления
43%
Ледяной голем
43%
Адская гончая
43%
Хижина гоблинов
43%
Надгробие
43%
Разряд
43%
Летучие мыши
40%
Громовержец
40%
Дровосек
40%
Хижина варваров
40%
Эликсирный голем
38%
Палач
38%
Огненная лучница
38%
Ночная ведьма
38%
Всадница на баране
38%
Бочка со скелетами
38%
Гоблин с дротиками
36%
Орда миньонов
36%
Королевский призрак
36%
Адская башня
36%
Яд
36%
Летучка
34%
Гигантский скелет
34%
Пламенный дракон
34%
Королевская почта
34%
Электродракон
32%
Стражи
32%
Королевские кабаны
32%
Королевские рекруты
32%
Костяные драконы
32%
Варварская бочка
32%
Магический лучник
30%
Стенобои
30%
Печь
30%
Торнадо
30%
Рыбак
28%
Мегаминьон
28%
Охотник
26%
Ведьмина бабушка
26%
Вышибала
23%
Минигенераторы
23%
Клетка с гоблином
23%
Землетрясение
23%
Сборщик эликсира
21%
Боевой таран
19%
Гоблинский бур
19%
Повозка с пушкой
17%
Гигантский снежок
17%
Целительница-воин
15%
Заколдованный кабан
0%
Эликсирный големчик
0%
Капля эликсира
0%
Гоблин-громила
0%
Големчики
0%
Адский щенок
0%
Парень-разбойник
0%
Девушка-разбойница
0%
No matching quizzes found
Score Distribution
Percent of People with Each Score
Percentile by Number Answered
Your Score History
You have not taken this quiz